Hikajat Abdullah / (Record no. 23838)
[ view plain ]
| 000 -LEADER | |
|---|---|
| fixed length control field | 00947cam a22002652 4500 |
| 001 - CONTROL NUMBER | |
| control field | 9448272 |
| 003 - CONTROL NUMBER IDENTIFIER | |
| control field | BDDh-ASL |
| 005 - DATE AND TIME OF LATEST TRANSACTION | |
| control field | 20231015030308.0 |
| 008 - FIXED-LENGTH DATA ELEMENTS--GENERAL INFORMATION | |
| fixed length control field | 830808s1953 io h 000 0 ind |
| 010 ## - LIBRARY OF CONGRESS CONTROL NUMBER | |
| LC control number | 72215660 |
| 040 ## - CATALOGING SOURCE | |
| Original cataloging agency | DLC |
| Transcribing agency | CarP |
| Modifying agency | DLC |
| -- | BDDh-ASL |
| 043 ## - GEOGRAPHIC AREA CODE | |
| Geographic area code | a-si--- |
| 050 00 - LIBRARY OF CONGRESS CALL NUMBER | |
| Classification number | DS596.5 |
| Item number | .A6316 |
| 082 ## - DEWEY DECIMAL CLASSIFICATION NUMBER | |
| Classification number | 923.2992 |
| Item number | BEH |
| 100 0# - MAIN ENTRY--PERSONAL NAME | |
| Personal name | ʻAbd Allāh ibn ʻAbd al-Ḳādir, |
| Titles and words associated with a name | Munshi, |
| Dates associated with a name | 1796-1854. [from old catalog] |
| 240 00 - UNIFORM TITLE | |
| Uniform title | Hikayat Abd Allah. |
| Language of a work | Indonesian [from old catalog] |
| 245 10 - TITLE STATEMENT | |
| Title | Hikajat Abdullah / |
| Statement of responsibility, etc. | Diterbitkan lagi dengan anotasi oleh R.A. Datuk Besar dan R. Roolvink. |
| 260 ## - PUBLICATION, DISTRIBUTION, ETC. | |
| Place of publication, distribution, etc. | [Djakarta] |
| Name of publisher, distributor, etc. | Djambatan, |
| Date of publication, distribution, etc. | [1953] |
| 300 ## - PHYSICAL DESCRIPTION | |
| Extent | xviii, 507 p. : |
| Other physical details | facsim. |
| Dimensions | 20 cm. |
| 600 10 - SUBJECT ADDED ENTRY--PERSONAL NAME | |
| Personal name | Raffles, Thomas Stamford, |
| Titles and other words associated with a name | Sir, |
| Dates associated with a name | 1781-1826. [from old catalog] |
| 651 #0 - SUBJECT ADDED ENTRY--GEOGRAPHIC NAME | |
| Geographic name | Malacca (Malaysia : State) |
| General subdivision | History. |
| 651 #0 - SUBJECT ADDED ENTRY--GEOGRAPHIC NAME | |
| Geographic name | Singapore |
| General subdivision | History. |
| 906 ## - LOCAL DATA ELEMENT F, LDF (RLIN) | |
| a | 0 |
| b | cbc |
| c | premver |
| d | u |
| e | ncip |
| f | 19 |
| g | y-gencatlg |
| 942 ## - ADDED ENTRY ELEMENTS (KOHA) | |
| Source of classification or shelving scheme | Dewey Decimal Classification |
| Koha item type | Books |
| Withdrawn status | Lost status | Source of classification or shelving scheme | Damaged status | Not for loan | Collection code | Home library | Current library | Shelving location | Date acquired | Source of acquisition | Total Checkouts | Full call number | Barcode | Date last seen | Copy number | Price effective from | Koha item type | Public note |
|---|---|---|---|---|---|---|---|---|---|---|---|---|---|---|---|---|---|---|
| Dewey Decimal Classification | Damaged | Non-fiction | Asiatic Society Library | Asiatic Society Library | General Stacks | 04/06/2021 | ASB Library Collections | 923.2992 BEH | 108382 | 04/06/2021 | C-1 | 04/06/2021 | Books | Rare |